书目信息 |
| 题名: |
建筑智能化施工技术
|
|
| 作者: | 李英姿 编著 | |
| 分册: | ||
| 出版信息: | 北京 机械工业出版社 2004.1 |
|
| 页数: | 251页 | |
| 开本: | 26cm | |
| 丛书名: | ||
| 单 册: | ||
| 中图分类: | TU745 | |
| 科图分类: | ||
| 主题词: | 智能建筑--工程施工--高等学校--教材 , 智能建筑 , 工程施工 | |
| 电子资源: | ||
| ISBN: | 7-111-13504-0 | |
| 000 | 00736nam0 2200253 45 | |
| 001 | 012004000000 | |
| 005 | 20041021152837.56 | |
| 010 | @a7-111-13504-0@dCNY 24.00 | |
| 100 | @a20040918d2004 em y0chiy0121 ea | |
| 101 | 0 | @achi |
| 102 | @aCN@b110000 | |
| 105 | @aak z 000yy | |
| 200 | 1 | @a建筑智能化施工技术@Ajian zhu zhi neng hua shi gong ji shu@f李英姿编著 |
| 210 | @a北京@c机械工业出版社@d2004.1 | |
| 215 | @a251页@c图, 表格@d26cm | |
| 300 | @a普通高等教育智能建筑规划教材 | |
| 320 | @a书末附参考文献 | |
| 606 | 0 | @a智能建筑@x工程施工@x高等学校@j教材 |
| 606 | 0 | @a智能建筑 |
| 606 | 0 | @a工程施工 |
| 690 | @aTU745@v4 | |
| 701 | 0 | @a李英姿@Ali ying zi@4编著 |
| 801 | 0 | @aCN@bQSSKxf@c20041021 |
| 905 | @a10447@dTU745@eL310 | |
| 建筑智能化施工技术/李英姿编著.-北京:机械工业出版社,2004.1 |
| 251页:图, 表格;26cm |
| 普通高等教育智能建筑规划教材 |
| ISBN 7-111-13504-0:CNY 24.00 |
| ● |
| 相关链接 |
|
|
|
正题名:建筑智能化施工技术
索取号:TU745/L310
 
预约/预借
| 序号 | 登录号 | 条形码 | 馆藏地/架位号 | 状态 | 备注 |
| 1 | 421966 | 204219666 | 建筑库201/ [索取号:TU745/L310] | 在馆 | |
| 2 | 421967 | 204219675 | 建筑库201/201建筑库 108排8列5层/ [索取号:TU745/L310] | 在馆 |